| 000 | 00349pab a2200145 454500 | ||
|---|---|---|---|
| 008 | 180718b1985 xxu||||| |||| 00| 0 eng d | ||
| 100 | _aSaxena, N.C. | ||
| 245 | _aNature and origin of communal riots in India | ||
| 260 | _c1985 | ||
| 300 | _a205-24 | ||
| 362 | _aApr.-Jun. | ||
| 650 | _aRiots - India | ||
| 773 | _aAdministrator | ||
| 909 | _a17243 | ||
| 999 |
_c17243 _d17243 |
||